صحيفة معهد الدراسات الاسلامية في مدريد / Ṣaḥīfat Maʻhad al-Dirāsāt al-Islāmīyah fī Madrīd

Saved in:

Main Author: Wizārat al-Tarbiyah wa-al-Taʻlīm lil-Iqlīm al-Miṣrī, al-Idārah al-ʻĀmmah lil-ʻAlāqāt al-Thaqāfīyah al-Jumhūrīyah al-ʻArabīyah al-Muttaḥidah.

Format: Book

Language: Undetermined

Published: Madrid al-Maʻhad 1954

Tags: Add Tag

No Tags, Be the first to tag this record!

Call Number: M40 MIHR

LEADER 00718nam a2200121Ia 4500
008 240404s9999||||xx |||||||||||||| ||und||
050 4 |a M40 MIHR 
100 1 |a Wizārat al-Tarbiyah wa-al-Taʻlīm lil-Iqlīm al-Miṣrī, al-Idārah al-ʻĀmmah lil-ʻAlāqāt al-Thaqāfīyah al-Jumhūrīyah al-ʻArabīyah al-Muttaḥidah. 
245 1 0 |a صحيفة معهد الدراسات الاسلامية في مدريد / Ṣaḥīfat Maʻhad al-Dirāsāt al-Islāmīyah fī Madrīd   |c Wizārat al-Tarbiyah wa-al-Taʻlīm lil-Iqlīm al-Miṣrī, al-Idārah al-ʻĀmmah lil-ʻAlāqāt al-Thaqāfīyah al-Jumhūrīyah al-ʻArabīyah al-Muttaḥidah 
264 1 |a Madrid  |b al-Maʻhad  |c 1954 
300 |a volumes  |c 23 
942 |2 lcc  |c BK 
999 |c 57936  |d 57936